000 00431nam a2200169 a 4500
001 0000-9357
003 ELIB.Books
008 110520 1960
035 _a(ELIB.Books)0000-9509
082 _a261
_bPik
100 _aPike, Esther
245 _aWho Is My Neighbor?
260 _bNew York: Macmillan Publishing Co, Inc.
_c1960
650 _aSocial Theology
942 _2ddc
_cBK
998 _cbat
_e2011-05-20
999 _c9357
_d9357